<?xml version="1.0" encoding="UTF-8"?><record xmlns="http://www.loc.gov/MARC21/slim" xmlns:zs="http://docs.oasis-open.org/ns/search-ws/sruResponse">
  <leader>02068cam a22004931a 4500</leader>
  <controlfield tag="001">8766041</controlfield>
  <controlfield tag="005">20250608032449.8</controlfield>
  <controlfield tag="007">cr |||||||||||</controlfield>
  <controlfield tag="008">751204s1934    ilu          s001 0 eng  </controlfield>
  <datafield ind1=" " ind2=" " tag="035">
    <subfield code="a">8766041</subfield>
  </datafield>
  <datafield ind1=" " ind2=" " tag="906">
    <subfield code="a">7</subfield>
    <subfield code="b">cbc</subfield>
    <subfield code="c">premver</subfield>
    <subfield code="d">u</subfield>
    <subfield code="e">ncip</subfield>
    <subfield code="f">19</subfield>
    <subfield code="g">y-gencatlg</subfield>
  </datafield>
  <datafield ind1=" " ind2=" " tag="010">
    <subfield code="a">   35027786 </subfield>
  </datafield>
  <datafield ind1=" " ind2=" " tag="035">
    <subfield code="9">(DLC)   35027786</subfield>
  </datafield>
  <datafield ind1=" " ind2=" " tag="035">
    <subfield code="a">(OCoLC)1875375</subfield>
  </datafield>
  <datafield ind1=" " ind2=" " tag="040">
    <subfield code="a">DLC</subfield>
    <subfield code="c">FMU</subfield>
    <subfield code="d">MoSU-L</subfield>
    <subfield code="d">DLC</subfield>
  </datafield>
  <datafield ind1="0" ind2=" " tag="041">
    <subfield code="a">eng</subfield>
    <subfield code="a">fre</subfield>
  </datafield>
  <datafield ind1=" " ind2=" " tag="043">
    <subfield code="a">n-us-il</subfield>
    <subfield code="a">n-usc--</subfield>
  </datafield>
  <datafield ind1="0" ind2="0" tag="050">
    <subfield code="a">F536</subfield>
    <subfield code="b">.I25 vol. 23</subfield>
  </datafield>
  <datafield ind1=" " ind2=" " tag="051">
    <subfield code="a">F544</subfield>
    <subfield code="b">.P42</subfield>
  </datafield>
  <datafield ind1=" " ind2=" " tag="082">
    <subfield code="a">977.3</subfield>
  </datafield>
  <datafield ind1="0" ind2="4" tag="245">
    <subfield code="a">The French foundations, 1680-1693 /</subfield>
    <subfield code="c">edited with introduction and notes by Theodore Calvin Pease and Raymond C. Werner.</subfield>
  </datafield>
  <datafield ind1=" " ind2=" " tag="260">
    <subfield code="a">Springfield, Ill. :</subfield>
    <subfield code="b">Trustees of the Illinois State Historical Library,</subfield>
    <subfield code="c">c1934.</subfield>
  </datafield>
  <datafield ind1=" " ind2=" " tag="300">
    <subfield code="a">4, xiv, 426 p. ;</subfield>
    <subfield code="c">23 cm.</subfield>
  </datafield>
  <datafield ind1="1" ind2=" " tag="490">
    <subfield code="a">Collections of the Illinois State Historical Library ;</subfield>
    <subfield code="v">23.</subfield>
    <subfield code="a">French series,</subfield>
    <subfield code="v">v. 1</subfield>
  </datafield>
  <datafield ind1=" " ind2=" " tag="500">
    <subfield code="a">A selection of documentary material revealing the activities of the French in the Old Northwest.</subfield>
  </datafield>
  <datafield ind1=" " ind2=" " tag="500">
    <subfield code="a">English and French.</subfield>
  </datafield>
  <datafield ind1=" " ind2=" " tag="500">
    <subfield code="a">"List of documents":  p. [397]-404.</subfield>
  </datafield>
  <datafield ind1=" " ind2=" " tag="500">
    <subfield code="a">Includes index.</subfield>
  </datafield>
  <datafield ind1=" " ind2=" " tag="530">
    <subfield code="a">Also available in digital form on the Library of Congress Web site.</subfield>
  </datafield>
  <datafield ind1=" " ind2="0" tag="650">
    <subfield code="a">French</subfield>
    <subfield code="z">Illinois.</subfield>
  </datafield>
  <datafield ind1=" " ind2="0" tag="650">
    <subfield code="a">French</subfield>
    <subfield code="z">Northwest, Old.</subfield>
  </datafield>
  <datafield ind1=" " ind2="0" tag="651">
    <subfield code="a">Illinois</subfield>
    <subfield code="x">History</subfield>
    <subfield code="y">To 1778</subfield>
    <subfield code="v">Sources.</subfield>
  </datafield>
  <datafield ind1=" " ind2="0" tag="651">
    <subfield code="a">Northwest, Old</subfield>
    <subfield code="x">History</subfield>
    <subfield code="v">Sources.</subfield>
  </datafield>
  <datafield ind1="1" ind2=" " tag="700">
    <subfield code="a">Pease, Theodore Calvin,</subfield>
    <subfield code="d">1887-1948.</subfield>
  </datafield>
  <datafield ind1="1" ind2=" " tag="700">
    <subfield code="a">Werner, Raymond C.</subfield>
    <subfield code="q">(Raymond Clarence),</subfield>
    <subfield code="d">1894-1952.</subfield>
  </datafield>
  <datafield ind1=" " ind2="0" tag="830">
    <subfield code="a">Collections of the Illinois State Historical Library ;</subfield>
    <subfield code="v">v. 23.</subfield>
  </datafield>
  <datafield ind1=" " ind2="0" tag="830">
    <subfield code="a">Collections of the Illinois State Historical Library.</subfield>
    <subfield code="p">French series ;</subfield>
    <subfield code="v">v. 1.</subfield>
  </datafield>
  <datafield ind1="4" ind2="1" tag="856">
    <subfield code="d">gdclccn</subfield>
    <subfield code="f">35027786</subfield>
    <subfield code="u">http://hdl.loc.gov/loc.gdc/gdclccn.35027786</subfield>
  </datafield>
  <datafield ind1="4" ind2="2" tag="859">
    <subfield code="3">France in America: Selections from the LC General Collection Description</subfield>
    <subfield code="u">http://hdl.loc.gov/loc.eur/frhtml.0001</subfield>
  </datafield>
  <datafield ind1=" " ind2=" " tag="985">
    <subfield code="a">ascfr/frlcgc/tx</subfield>
    <subfield code="e">intldl</subfield>
  </datafield>
  <datafield ind1=" " ind2=" " tag="985">
    <subfield code="a">pmpull</subfield>
    <subfield code="e">intldl</subfield>
  </datafield>
  <datafield ind1=" " ind2=" " tag="985">
    <subfield code="e">OCLC REPLACEMENT</subfield>
  </datafield>
  <datafield ind1=" " ind2=" " tag="985">
    <subfield code="a">bnffia-bk</subfield>
  </datafield>
  <datafield ind1=" " ind2=" " tag="991">
    <subfield code="b">c-GenColl</subfield>
    <subfield code="h">F536</subfield>
    <subfield code="i">.I25 vol. 23</subfield>
    <subfield code="t">Copy 1</subfield>
    <subfield code="w">OCLCREP</subfield>
  </datafield>
</record>
